00592 2200229 4500001002100000005001500021035002000036007000300056008004100059020000600100082001200106084001800118100002600136245007100162250001100233260003100244300003800275520000600313600002600319856000600345990001100351INLIS00000000000174920220413105559 a0010-0422001323ta220413 g 0 ind  a- a912.598 a912.598 YUD b0 aYudhistira Ikranegara1 aBuku Pintar dan Atlas Indonesia dan Dunia /cYudhistira Ikranegara aCet. 1 a[s.l] :bDua Media,c[s.a] a128 hlm. :bilus. ;c17x24 cm.e- a- 4aYudhistira Ikranegara a- a190333